000 00284nam a22001337a 4500
008 170918b xxu||||| |||| 00| 0 eng d
020 _a9780848711870
041 _aeng
080 _a7
100 _a44
101 _aART
245 _aTIME 70 ANNIVERSARY
_cDAME, N
942 _2udc
_cBK
999 _c28043
_d28043